Soft surfaces: visual research for artists, architects and designers (Record no. 23410)
[ view plain ]
| 000 -LEADER | |
|---|---|
| fixed length control field | 00513nam a2200181Ia 4500 |
| 005 - DATE AND TIME OF LATEST TRANSACTION | |
| control field | 20240513122744.0 |
| 008 - FIXED-LENGTH DATA ELEMENTS--GENERAL INFORMATION | |
| fixed length control field | 231207s9999 xx 000 0 und d |
| 020 ## - INTERNATIONAL STANDARD BOOK NUMBER | |
| International Standard Book Number | 9780500019696 |
| 040 ## - CATALOGING SOURCE | |
| Transcribing agency | NCA Library |
| 082 ## - DEWEY DECIMAL CLASSIFICATION NUMBER | |
| Classification number | 746 |
| Item number | JUR |
| 100 ## - MAIN ENTRY--PERSONAL NAME | |
| Author Name | Juracek, Judy A. |
| 245 #0 - TITLE STATEMENT | |
| Title | Soft surfaces: visual research for artists, architects and designers |
| Statement of responsibility, etc. | Judy A. Juracek |
| 260 ## - PUBLICATION, DISTRIBUTION, ETC. | |
| Name of publisher, distributor, etc. | Thames and Hudson |
| Place of publication, distribution, etc. | London |
| Date of publication, distribution, etc. | 1999 |
| 300 ## - PHYSICAL DESCRIPTION | |
| Pages | 334p |
| Other physical details | ill |
| 546 ## - LANGUAGE NOTE | |
| Language note | English |
| 650 ## - SUBJECT ADDED ENTRY--TOPICAL TERM | |
| Subject | Textile design, Motifs |
| 942 ## - ADDED ENTRY ELEMENTS (KOHA) | |
| Koha item type | Reference(Not for Loan) |
| 999 ## - | |
| -- | 23410 |
| -- | 23410 |
| Withdrawn status | Weedout from Library | Permanent Location | Current Location | Shelving location | Date acquired | Full call number | Barcode | Price effective from | Koha item type |
|---|---|---|---|---|---|---|---|---|---|
| NATIONAL COLLEGE OF ARTS, LAHORE - LIBRARY | NATIONAL COLLEGE OF ARTS, LAHORE - LIBRARY | 08/12/2023 | 746 JUR 27742 | 27742 | 08/12/2023 | Reference(Not for Loan) | |||
| NATIONAL COLLEGE OF ARTS, RAWALPINDI CAMPUS - LIBRARY | NATIONAL COLLEGE OF ARTS, RAWALPINDI CAMPUS - LIBRARY | 13/10/2025 | JUR 746 RP007512 | RP007512 | 13/10/2025 | Reference(Not for Loan) |